Photochemical efficiency in Hevea brasiliensis under varying light and CO2 in two agroclimatically distinct locations (Record no. 52338)

MARC details
000 -LEADER
fixed length control field 00668nam a2200169Ia 4500
100 ## - MAIN ENTRY--AUTHOR NAME
Personal name Alam B.
245 #0 - TITLE STATEMENT
Title Photochemical efficiency in Hevea brasiliensis under varying light and CO2 in two agroclimatically distinct locations
260 ## - PUBLICATION, DISTRIBUTION, ETC. (IMPRINT)
Name of publisher Second International Congress of Plant Physiology on Sustainable Plant Productivity under Changing Environment, 8-12 January 2003, IARI, New Delhi, India, pp. 96
Year of publication 2003
650 ## - SUBJECT ADDED ENTRY--TOPICAL TERM
Topical Term Chlorophyll fluorescence
650 ## - SUBJECT ADDED ENTRY--TOPICAL TERM
Topical Term Cold stress
650 ## - SUBJECT ADDED ENTRY--TOPICAL TERM
Topical Term Electron transport
650 ## - SUBJECT ADDED ENTRY--TOPICAL TERM
Topical Term Photochemical efficiency
700 ## - ADDED ENTRY--PERSONAL NAME
Personal name Jacob J.[a]
700 ## - ADDED ENTRY--PERSONAL NAME
Personal name Nair D.B.
942 ## - ADDED ENTRY ELEMENTS (KOHA)
Koha item type Bibliography STAF
Holdings
Withdrawn status Lost status Damaged status Not for loan Home library Current library Date acquired Koha item type
      Bibliography RRII Library RRII Library 09/04/2014 Bibliography STAF